000 01118nam a2200241Ia 4500
999 _c55918
_d55918
001 23016
003 GE_BSU
005 20230626171122.0
008 181216s1967|||| |||||||||||||| ||geo||
040 _cGE_BSU
041 _ageo
080 _a821.353.1.09 რ-12
100 _aრადიანი, შალვა
_915063
245 _aმეცხრამეტე საუკუნის ქართული ლიტერატურა /
_cშალვა რადიანი ; რედ. ე. გოგიაშვილი.
250 _aმე-2 შევსებული გამოცემა
264 _aთბილისი :
_bგანათლება,
_c1967.
300 _a406 გვ. ;
_c22 სმ.
541 _h2ლ.10თ.
653 _aმეცხრამეტე საუკუნის ქართული ლიტერატურა
653 _aქართული ლიტერატურის ისტორია და კრიტიკა
700 _aგოგიაშვილი, ე.
_eრედაქტორი
_918980
942 _cBK
_2udc